Targaryen Kings - Statistics

General Stats
  • This quiz has been taken 112 times
  • The average score is 15 of 17
Answer Stats
Answer % Correct
1 Aegon I
93%
6 Aegon II
91%
7 Aegon III
91%
3 Maegor
91%
11 Aegon IV
90%
5 Viserys I
90%
15 Aegon V
89%
13 Aerys I
86%
17 Aerys II
86%
14 Maekar
85%
10 Viserys II
85%
8 Daeron I
82%
12 Daeron II
81%
4 Jaehaerys I
80%
9 Baelor
78%
2 Aenys
77%
16 Jaehaerys II
75%
No matching quizzes found
Score Distribution
Percent of People with Each Score
Percentile by Number Answered
Your Score History
You have not taken this quiz